| 000 | 00609nam a2200193 a 4500 | ||
|---|---|---|---|
| 001 | 000018907 | ||
| 005 | 20200929165859.0 | ||
| 008 | 100520s1972 cr r 000 p spa d | ||
| 040 |
_aDO-SdBNP _bspa _cBNPHU |
||
| 082 |
_aG861.44 _bC268q |
||
| 100 | 1 |
_aCardoza y Aragón, Luis, _d1904- _940696 |
|
| 245 | 1 | 0 |
_aQuinta estación : _bobra poética / _cLuis Cardoza y Aragón. |
| 260 |
_aSan José, Costa Rica : _bEduca, _c1972. |
||
| 300 | _a259 [5] p. | ||
| 490 | 0 | _aSéptimo día | |
| 650 | 4 |
_aPoesía guatemalteca _914068 |
|
| 650 | 4 |
_aLiteratura guatemalteca _ySIGLO XX _924228 |
|
| 830 | 0 |
_aSéptimo día _924471 |
|
| 999 |
_c18425 _d18425 |
||